Κατάλογος Βιβλιοθηκών Mediterranean College

Σχεδιασμός Δομικών Έργων από Χάλυβα με Παραδείγματα Εφαρμογής (Record no. 3121)

MARC details
000 -LEADER
fixed length control field 01976cam a22002174a 4500
005 - ΗΜΕΡΟΜΗΝΙΑ ΚΑΙ ΩΡΑ ΤΕΛΕΥΤΑΙΑΣ ΕΝΗΜΕΡΩΣΗΣ
Πεδίο ελέγχου 20250605164105.0
008 - FIXED-LENGTH DATA ELEMENTS--GENERAL INFORMATION
Πεδίο ελέγχου σταθερού μήκους 250528s ||||||||||||||||||||||||d
035 ## - SYSTEM CONTROL NUMBER
System control number 17720
020 ## - ISBN
ISBN 9789604615827
040 ## - ΠΗΓΗ ΚΑΤΑΛΟΓΟΓΡΑΦΗΣΗΣ
Φορέας πρωτότυπης καταλογογράφησης MC Athens Campus Library
Γλώσσα καταλογογράφησης Ελληνικά, Μοντέρνα (1453-)
Modifying agency MC Athens Campus Library
Κανόνες περιγραφικής καταλογογράφησης AACR2
245 1# - ΤΙΤΛΟΣ ΚΑΙ ΔΗΛΩΣΗ ΥΠΕΥΘΥΝΟΤΗΤΑΣ
Τίτλος Σχεδιασμός Δομικών Έργων από Χάλυβα με Παραδείγματα Εφαρμογής
260 ## - PUBLICATION, DISTRIBUTION, ETC.
Name of publisher, distributor, etc. Κλειδάριθμος,
Date of publication, distribution, etc. 2013
300 ## - PHYSICAL DESCRIPTION
Extent 984
520 ## - SUMMARY, ETC.
Summary, etc. Το βιβλίο καλύπτει θέματα μόρφωσης, ανάλυσης, διαστασιολόγησης και εκτέλεσης δομικών έργων από χάλυβα και περιέχει μια σειρά παραδειγμάτων εφαρμογής. Πρόλογος, Διαστασιολόγηση, Βασικές αρχές σχεδιασμού, Ανάλυση Φορέων, Οριακές Καταστάσεις Αστοχίας, Οριακές Καταστάσεις Λειτουργικότητας, Συνδέσεις, Μονώροφα Κτίρια με Σκελετό από Χάλυβα, Εισαγωγή στα Μονώροφα Κτίρια, Οι Κύριοι Φορείς, Οι Σύνδεσμοι Δυσκαμψίας, Δομικά Στοιχεία για τη Συμπλήρωση του Κελύφους του Κτιρίου, Θεμελίωση, Ανέργεση, Πολυώροφα Μεταλλικά Κτίρια, Εισαγωγή στα Πολυώροφα Μεταλλικά Κτίρια, Μόρφωση του Φορέα, Ανάλυση του Φορέα, Βιομηχανική Κατεργασία και Ανέργεση και Ποιοτικός Έλεγχος, Παραδείγματα Εφαρμογής, Παραρτήματα.
700 1# - ΠΡΟΣΘΕΤΗ ΑΝΑΓΡΑΦΗ--ΦΥΣΙΚΟ ΠΡΟΣΩΠΟ
Personal name Βάγιας Ιωάννης Κ
9 (RLIN) 3908
700 1# - ΠΡΟΣΘΕΤΗ ΑΝΑΓΡΑΦΗ--ΦΥΣΙΚΟ ΠΡΟΣΩΠΟ
Personal name Ερμόπουλος Ιωάννης Χ
9 (RLIN) 3909
700 1# - ΠΡΟΣΘΕΤΗ ΑΝΑΓΡΑΦΗ--ΦΥΣΙΚΟ ΠΡΟΣΩΠΟ
Personal name Ιωαννίδης Γεώργιος Ι
9 (RLIN) 3910
942 ## - ADDED ENTRY ELEMENTS (KOHA)
Koha item type Books
Holdings
Τύπος τεκμηρίου Βιβλιοθήκη Τρέχουσα τοποθεσία Barcode Αριθμός εισαγωγής Ημερομηνία απόκτησης Ταξιθετικό σύμβολο Αριθμός αντιτύπου Κατάσταση απόσυρσης Κατάσταση χαμένου Κατάσταση κατεστραμμένου Μη δανεισμός Σύνολο δανεισμών Ημερομηνία τελευταίας εμφάνισης Η τιμή ισχύει από
Books MC Athens Campus Library MC Athens Campus Library 9780000031204 6102 05/06/2025 624.1821 ΒΑG 1           05/06/2025 05/06/2025

MC Athens Campus Library
Πατησίων 94 & Κοδριγκτώνος 13, 104 34
Πελλήνης 8 & Πατησίων 107, 112 51
Τ: +30 210 8899600

MC Thessaloniki Campus Library
Ίωνος Δραγούμη 21, 54625 | Ίωνος Δραγούμη 15, 54625
Τ: +30 2310 287779 – Τ: +30 2314 440300